Statistics for Geography by Letter - Q

Click here to take the quiz!

General Stats

  • This quiz has been taken 158 times
  • The average score is 7 of 15

Answer Stats

HintAnswer% Correct
Largest borough of New YorkQueens
99%
Controversial 2022 World Cup SiteQatar
95%
Northernmost Australian stateQueensland
92%
Northernmost Canadian provinceQuebec
86%
Ecuadorean capitalQuito
86%
Pennsylvania NicknameQuaker State
50%
FBI Academy locationQuantico
47%
Soft, boggy landQuagmire
45%
Most populous city in the PhilippinesQuezon City
35%
Massachusetts "City of Presidents"Quincy
31%
China's sailing cityQingdao
27%
Capital of Balochistan, PakistanQuetta
22%
University located in Hamden, ConnecticutQuinnipiac University
10%
Second largest city in GuatemalaQuetzaltenango
3%
England's first Area of Outstanding Natural BeautyQuantock Hills
2%

Score Distribution

Percentile by Number Answered

Percent of People with Each Score

Your Score History

You have not taken this quiz